01348nam a22003017a 4500001001000000003000900010005001700019007000300036008003400039040005400073041001000127072002000137090001800157100001900175110010400194245016800298246019200466260003800658300001100696500008200707650002000789650001600809650001100825909003600836942000700872999001700879952015000896BR8900254BR-BrBNA20230928093128.0ta230509b bl.||||| |||| 00| 0 por d aBR-BrBNAbporcBiblioteca Nacional de Agricultura a(Por) aP32; P33b/G514  P32 BR89002541 aClemente, C.A.1 aEscola Superior de Agricultura Luiz de Queiroz, Piracicaba, SP (Brasil)0Tese (Doutor em Agronomia)1 aAlteracoes e solos desenvolvidos sobre rochas vulcanicas acidas da formacao Serra Geral nos planaltos de Guarapuava e Palmas, regiao centro sul do estado do Parana1 aAlterations and soils developed from acid volcanic rocks, "Serra Geral" formation occurring in the Guarapuava and Palmas plateau in the south-central region of the state of Parana, Brazil3 aPiracicaba, SP (Brasil): c1988.  a232 p. a11 illus.; 8 tables; Bibliography p. 170-193 (135 ref.); Summaries (Eng, Por) aQUIMICA DO SOLO aMINERALOGIA aPARANA a202309bLuciac55dLucia Elande cBK c43163d43163 002AGRIS40708AGROBASEa41918b41918l0o P32 BR8900254pP32 BR8900254r2023-09-25t01yBK10d2023-09-25ePortaria Interministerial nÂș 164/94